| 000 | 00000nam 2200000za 4500 |
| 001 | 9.644619 |
| 003 | CaOODSP |
| 005 | 20241122153753 |
| 007 | ta |
| 008 | 150407s1992||||xxc||||| f|0| 0 eng d |
| 020 | |a0-662-20087-X |
| 040 | |aCaOODSP|beng |
| 043 | |an-cn--- |
| 086 | 1 |aCo22-121/1992E |
| 110 | 1 |aCanada. |bCommunications Canada. |
| 245 | 10|aBuilding partnerships: television in transition : |bReports produced following the Television Industry Summit of December 1991 |
| 260 | |aOttawa - Ontario : |bCommunications Canada |c1992. |
| 300 | |a143p. : |bfigs. ; |c28 cm. |
| 563 | |aSoftcover |
| 590 | |a92-45|b1992-11-06 |
| 690 | 07|aTelevision|2gcpds |
| 775 | 08|tPartenaires pour le changement: la télévision en transition : |w(CaOODSP)9.678447 |
| 776 | 0#|tBuilding partnerships : |w(CaOODSP)9.945456 |